Statistics for City Chain #4

Click here to take the quiz!

General Stats

  • This quiz has been taken 131 times
  • The average score is 14 of 22

Answer Stats

HintAnswer% Correct
Capital and largest city of AlgeriaAlgiers
91%
Japanese city that was struck on August 6, 1945 by an atomic bombHiroshima
90%
Largest city by the French RivieraNice
86%
City where the Dutch government and the International Court of Justice can be foundThe Hague
84%
Irish city and a form of verseLimerick
79%
Most populous city of Indochina that is named after a former Vietnamese revolutionaryHo Chi Minh (City)
76%
Iranian capital where women protested in 2022 because of strict religious clothing rules (Justice for Mahsa Amini!)Tehran
75%
Often described as the most remote permanent settlement on Earth, named after the capital of ScotlandEdinburgh of the seven seas
74%
Second largest Canadian by surface area and city where the Oilers play hockeyEdmonton
72%
Jeanne d'Arc was called 'the Maid of ...'Orléans
69%
Largest city on the Black SeaOdessa
68%
German city where the Mercedes and Porsche headquarters can be foundStuttgart
68%
Largest city in Andalusia where one can find the famous Plaza de EspañaSeville
65%
Croatian city by the Adriatic SeaSplit
62%
City in Texas that is nicknamed 'the Sun City'El Paso
55%
Capital of West BengalKolkata
54%
Red Sea city that is the second largest city of Saudi ArabiaJeddah
53%
Second largest city of DenmarkAarhus
51%
Capital of Antigua and BarbudaSaint John's
43%
City with the most important Mexican port in the Pacific OceanAcapulco
36%
Cambodian city where one can find the Temple of Angkor WatSiem Reab
25%
City in the West of India where one can find the Prag MahalBhuj
4%

Score Distribution

Percentile by Number Answered

Percent of People with Each Score

Your Score History

You have not taken this quiz